[Event "AUTO-INT-704"]
[Site "http://www.queenalice.com/game.php?id=314050"]
[Date "2007.12.2"]
[Round "1"]
[White "Sabota"]
[Black "stonehengedog"]
[Result "1-0"]
[WhiteElo "1668"]
[BlackElo "1554"]

1. d4 Nf6 2. Nc3 d5 3. Nf3 g6 4. e3 Bg7 5. Bd3 O-O 6. O-O Bg4 7. h3 Bxf3 8. Qxf3
c6 9. e4 dxe4 10. Nxe4 Nbd7 11. Re1 e6 12. Nd6 Nb6 13. Nxb7 Qc7 14. Nc5 Rad8 15.
Bf4 Qc8 16. Ba6 1-0

[Event "AUTO-INT-704"]
[Site "http://www.queenalice.com/game.php?id=314051"]
[Date "2007.12.2"]
[Round "1"]
[White "stonehengedog"]
[Black "Sabota"]
[Result "0-1"]
[WhiteElo "1556"]
[BlackElo "1830"]

1. e4 e5 2. Nf3 Nc6 3. Bb5 Nge7 4. O-O a6 5. Bxc6 Nxc6 6. d3 Bc5 7. Nc3 O-O 8.
Re1 d6 9. a3 Nd4 10. Nxd4 Bxd4 11. Ne2 Bg4 12. h3 Qh4 13. Rf1 Be6 14. Nxd4 exd4
15. f4 f5 16. exf5 Bxf5 17. Qf3 c6 18. g4 Be6 19. Kh2 Bxg4 20. Qg3 Qh5 0-1

[Event "AUTO-INT-704"]
[Site "http://www.queenalice.com/game.php?id=364461"]
[Date "2008.3.2"]
[Round "2"]
[White "Herivelto"]
[Black "Sabota"]
[Result "0-1"]
[WhiteElo "1776"]
[BlackElo "1921"]

1. Nf3 d5 2. c4 Nf6 3. e3 Nc6 4. a3 e5 5. cxd5 Nxd5 6. d3 Be6 7. g3 Be7 8. Bg2
O-O 9. Nc3 Nxc3 10. bxc3 Qd7 11. O-O Rad8 12. d4 f5 13. Bb2 e4 14. Ne5 Nxe5 15.
dxe5 Qb5 16. Qc2 Bc4 17. Rfd1 Bb3 18. c4 Bxc2 19. cxb5 Bxd1 20. Bf1 Bb3 21. Be2
Rd2 22. Bd4 Rxe2 23. Bxa7 b6 24. Rb1 Bc2 25. Rc1 Bd3 26. Rxc7 Re1+ 27. Kg2 Bf1+
0-1

[Event "AUTO-INT-704"]
[Site "http://www.queenalice.com/game.php?id=364462"]
[Date "2008.3.2"]
[Round "2"]
[White "Sabota"]
[Black "Herivelto"]
[Result "1-0"]
[WhiteElo "1964"]
[BlackElo "1859"]

1. e4 c5 2. d4 cxd4 3. Qxd4 Nc6 4. Qc3 d6 5. Nf3 Nf6 6. Nbd2 a6 7. Bd3 g6 8. b4
Bg7 9. Bb2 O-O 10. O-O Nh5 11. Qa3 Be6 12. Bxg7 Kxg7 13. Qb2+ Kg8 14. Bc4 Bxc4
15. Nxc4 Nf4 16. Rfd1 Qc7 17. g3 b5 18. Ne3 Ne6 19. c4 bxc4 20. Rac1 Rab8 21.
Nd5 Qa5 22. Rxc4 Qb5 23. Rxc6 Rfe8 24. Qc2 Qb7 25. Rb6 Qc8 26. Qxc8 Rbxc8 27.
Rxa6 Nc7 28. Rc6 Nxd5 29. Rxc8 Rxc8 30. exd5 Rc2 31. a4 Ra2 32. a5 Kf8 33. Nd4
Ke8 34. Nc6 Kd7 35. Rb1 e6 36. b5 exd5 37. b6 Kxc6 38. b7 1-0

[Event "AUTO-INT-704"]
[Site "http://www.queenalice.com/game.php?id=364465"]
[Date "2008.3.2"]
[Round "2"]
[White "Sabota"]
[Black "sidclay"]
[Result "1-0"]
[WhiteElo "1847"]
[BlackElo "1881"]

1. e4 e6 2. d4 d5 3. Nd2 Nf6 4. e5 Ne4 5. Nxe4 dxe4 6. Bc4 c5 7. d5 exd5 8. Qxd5
Qxd5 9. Bxd5 Nd7 10. Bf4 f5 11. O-O-O Nb6 12. c4 h6 13. e6 Ke7 14. Ne2 Bxe6 15.
Bxb7 Rd8 16. b3 Rxd1+ 17. Rxd1 g5 18. Bb8 a5 19. Bc7 Nd7 20. Bxa5 Ne5 21. Kb1
Nd3 22. Bc3 Rg8 23. f3 Bg7 24. Bxg7 Rxg7 25. fxe4 fxe4 26. Ng3 Nf2 27. Re1 h5
28. Bxe4 Nxe4 29. Rxe4 Rh7 30. Re5 h4 31. Ne4 g4 32. Rxe6+ 1-0

[Event "AUTO-INT-704"]
[Site "http://www.queenalice.com/game.php?id=364466"]
[Date "2008.3.2"]
[Round "2"]
[White "sidclay"]
[Black "Sabota"]
[Result "0-1"]
[WhiteElo "1890"]
[BlackElo "1802"]

1. e4 e5 2. f4 exf4 3. Nf3 Nc6 4. d4 d5 5. e5 g5 6. Bb5 Bd7 7. O-O Bh6 8. c4
Nge7 9. Nc3 dxc4 10. Bxc4 Bg4 11. Bxf7+ Kxf7 12. Nxg5+ Bxg5 13. Qxg4 Ng6 14. e6+
Kg8 15. d5 Nce5 16. Qf5 Bh6 17. Ne4 Kg7 18. Bxf4 Bxf4 19. Nc3 Qg5 20. Qe4 Raf8
21. Nb5 Ng4 22. h3 Be3+ 23. Kh1 Nf2+ 24. Rxf2 Rxf2 25. Nxc7 Qf4 26. Qd3 Rxg2 27.
Kxg2 Nh4+ 28. Kh1 Qf3+ 0-1

[Event "Sabotage/tech 1"]
[Site "http://www.queenalice.com/game.php?id=366456"]
[Date "2008.3.6"]
[Round "-"]
[White "Sabota"]
[Black "technicaldraw"]
[Result "1-0"]
[WhiteElo "1883"]
[BlackElo "1984"]

1. d4 Nf6 2. Nc3 d5 3. Nf3 g6 4. e3 Bg7 5. h3 O-O 6. Bd3 c6 7. O-O Re8 8. e4
dxe4 9. Nxe4 Nxe4 10. Bxe4 Be6 11. c3 Nd7 12. Be3 Nf6 13. Bd3 Nd5 14. Bd2 Qc7
15. Qc1 Rad8 16. c4 Nf6 17. Bf4 Qa5 18. Qe1 Qxe1 19. Rfxe1 Nh5 20. Be3 Bc8 21.
Rad1 a5 22. Bd2 Bxd4 23. Bxa5 Rd6 24. Nxd4 Rxd4 25. Bb6 Nf4 26. Bxd4 1-0

[Event "Challenge"]
[Site "http://www.queenalice.com/game.php?id=382647"]
[Date "2008.4.5"]
[Round "-"]
[White "ricardocf"]
[Black "Sabota"]
[Result "0-1"]
[WhiteElo "952"]
[BlackElo "1938"]

1. e4 e6 2. d3 Nc6 3. Nc3 Nf6 4. f3 Be7 5. Nh3 h6 6. Be2 O-O 7. O-O d5 8. Bd2 e5
9. Rc1 Bxh3 10. gxh3 dxe4 11. fxe4 Qd4+ 12. Rf2 Bc5 13. Be3 Qxe3 14. a3 Qxf2+
15. Kh1 Be3 16. Nb5 Bf4 0-1

[Event "AUTO-OPEN-1108"]
[Site "http://www.queenalice.com/game.php?id=394047"]
[Date "2008.4.27"]
[Round "1"]
[White "whyBish"]
[Black "Sabota"]
[Result "0-1"]
[WhiteElo "1977"]
[BlackElo "1938"]

1. d4 Nf6 2. c4 d5 3. cxd5 Nxd5 4. e4 Nf6 5. Nc3 e6 6. Bg5 h6 7. Bh4 g5 8. Bg3
Bb4 9. e5 Ne4 10. Qd3 Nxg3 11. hxg3 c5 12. a3 Bxc3+ 13. bxc3 Nc6 14. Rd1 Qa5 15.
dxc5 Qxc5 16. Nf3 g4 17. Be2 gxf3 18. Bxf3 Qxe5+ 19. Kf1 f5 20. Bxc6+ bxc6 21.
Qf3 Qe4 22. Qh5+ Ke7 23. Qg6 Ba6+ 24. Kg1 Rag8 0-1

[Event "AUTO-OPEN-1108"]
[Site "http://www.queenalice.com/game.php?id=394048"]
[Date "2008.4.27"]
[Round "1"]
[White "Sabota"]
[Black "whyBish"]
[Result "1-0"]
[WhiteElo "1980"]
[BlackElo "2008"]

1. e4 c5 2. Nf3 Nc6 3. Nc3 g6 4. Bc4 Bg7 5. O-O e6 6. d3 Nge7 7. Be3 b6 8. d4
cxd4 9. Nxd4 Ne5 10. Be2 O-O 11. f4 N5c6 12. Nxc6 dxc6 13. Qe1 Bb7 14. Rd1 Qc7
15. Bd4 Rad8 16. Bxg7 Kxg7 17. Qh4 Nc8 18. e5 Qe7 19. Qf2 Qb4 20. Rxd8 Rxd8 21.
Qh4 Rd2 22. Rd1 Qd4+ 23. Kf1 Rxd1+ 24. Nxd1 c5 25. Nc3 a6 26. a3 b5 27. Bd3 c4
28. Be2 Nb6 29. Qf2 Qxf2+ 30. Kxf2 Nd5 31. Bf3 h5 32. Nxd5 Bxd5 33. Bxd5 exd5
34. Ke3 g5 35. f5 Kf8 36. Kd4 1-0

[Event "Challenge"]
[Site "http://www.queenalice.com/game.php?id=458252"]
[Date "2008.9.4"]
[Round "-"]
[White "Sabota"]
[Black "fictionist"]
[Result "0-1"]
[WhiteElo "1920"]
[BlackElo "2066"]

1. d4 d5 2. Nf3 Nf6 3. e3 e6 4. Nc3 Bb4 5. Bd2 O-O 6. Bd3 Nbd7 7. a3 Bxc3 8.
Bxc3 c5 9. O-O Re8 10. h3 c4 11. Be2 Ne4 12. Nd2 Nxc3 13. bxc3 Qa5 0-1

[Event "AUTO-OPEN-1108"]
[Site "http://www.queenalice.com/game.php?id=464628"]
[Date "2008.9.17"]
[Round "2"]
[White "Sabota"]
[Black "TheBigSid"]
[Result "0-1"]
[WhiteElo "1984"]
[BlackElo "2047"]

1. e4 e6 2. d4 d5 3. e5 c5 4. Be3 Nc6 5. Nf3 Qb6 6. b3 cxd4 7. Nxd4 Nxd4 8. Bxd4
Bc5 9. Bxc5 Qxc5 10. Bd3 Ne7 11. O-O O-O 0-1

[Event "Challenge"]
[Site "http://www.queenalice.com/game.php?id=802586"]
[Date "2010.7.12"]
[Round "-"]
[White "jssouza100"]
[Black "Sabota"]
[Result "0-1"]
[WhiteElo "1871"]
[BlackElo "1910"]

1. e4 e5 2. Nf3 d6 3. g3 Nf6 4. Nc3 Be6 5. Bg2 Nc6 6. O-O a6 7. d3 h6 8. a3 Be7
9. b4 b5 10. Nh4 Nd4 11. Nf3 Bg4 12. Be3 O-O 13. Bxd4 exd4 14. Ne2 Bxf3 15. Bxf3
c5 16. e5 dxe5 17. Bxa8 Qxa8 18. f3 Nd5 19. Rf2 Ne3 20. Qb1 c4 21. c3 Qd5 22.
Ra2 cxd3 23. Qxd3 Qxa2 24. cxd4 Qa1+ 0-1

[Event "Challenge"]
[Site "http://www.queenalice.com/game.php?id=802588"]
[Date "2010.7.12"]
[Round "-"]
[White "Sabota"]
[Black "jssouza100"]
[Result "1-0"]
[WhiteElo "1924"]
[BlackElo "1857"]

1. e4 e5 2. Nf3 d6 3. Nc3 Nf6 4. Bc4 Be6 5. Bxe6 fxe6 6. O-O Be7 7. Ng5 Qd7 8.
d4 exd4 9. Qxd4 O-O 10. e5 dxe5 11. Qxd7 Nbxd7 12. Nxe6 Rfc8 13. Rd1 Nf8 14.
Nxf8 Rxf8 15. Be3 Ng4 16. Rd7 Bd6 17. Bg5 h6 18. Be7 Rf7 19. Rd8+ Rxd8 20. Bxd8
g5 21. Ne4 Rf8 22. Nxd6 cxd6 23. Be7 Rxf2 24. h3 Rf7 25. Bxd6 Ne3 26. Kh2 Nxc2
27. Rc1 Nd4 28. Bxe5 Nb5 29. a4 Rf5 30. Rc5 Nc7 31. g4 Rf2+ 32. Kg1 Ne6 33. Rc8+
Rf8 34. Rxf8+ Nxf8 35. Bb8 a6 36. b3 b5 37. axb5 1-0

[Event "Challenge"]
[Site "http://www.queenalice.com/game.php?id=845033"]
[Date "2010.10.13"]
[Round "-"]
[White "Sabota"]
[Black "AgdaViana"]
[Result "1-0"]
[WhiteElo "1937"]
[BlackElo "1166"]

1. e4 b6 2. Nc3 c5 3. d4 cxd4 4. Qxd4 Nc6 5. Qe3 Nf6 6. Nf3 e6 7. a3 Bc5 8. Qf4
d5 9. e5 Nd7 10. Ng5 f6 11. Nxe6 1-0

[Event "Challenge"]
[Site "http://www.queenalice.com/game.php?id=863640"]
[Date "2010.11.25"]
[Round "-"]
[White "jssouza100"]
[Black "Sabota"]
[Result "1-0"]
[WhiteElo "1942"]
[BlackElo "1953"]

1. e4 e5 2. Nf3 Nc6 3. Bc4 Nf6 4. Nc3 Bc5 5. Ng5 O-O 6. O-O d6 7. a3 Bg4 8. Nf3
Nd4 9. Be2 Nxe2+ 10. Qxe2 Qd7 11. h3 Be6 12. d3 h6 13. b4 Bb6 14. Nh4 Bd4 15.
Bb2 Qc6 16. Nd1 Qb6 17. Bxd4 Qxd4 18. c3 Qb6 19. a4 c5 20. a5 Qb5 21. bxc5 Qxc5
22. Qf3 d5 23. Ra4 b5 24. Rb4 dxe4 25. dxe4 Rad8 26. Nf5 Bc4 27. Qg3 Kh7 28.
Qxg7# 1-0

[Event "Challenge"]
[Site "http://www.queenalice.com/game.php?id=863641"]
[Date "2010.11.25"]
[Round "-"]
[White "Sabota"]
[Black "jssouza100"]
[Result "1-0"]
[WhiteElo "1939"]
[BlackElo "1891"]

1. e4 e5 2. Nf3 Nc6 3. a3 Nf6 4. Nc3 Bc5 5. Bc4 Ng4 6. O-O O-O 7. d3 Bd4 8. Bg5
Ne7 9. Nxd4 exd4 10. Nd5 Nf6 11. Nxf6+ gxf6 12. Bxf6 Qe8 13. Qg4+ Ng6 14. Qg5
1-0